000 00643cab a2200181 4500
001 ABS42097
008 090401t1990 xxu||||| |||| 00| 0 eng d
035 _a(Sirsi) u34691
041 _aeng
245 _aWorld property index
260 _c1990
350 _a0
490 _aWorld Property
_vFebruary 1990, 19-20(2)
520 _aComparison of international construction costs in central business districts for office buildings . The main differences between countries are outlined and a table of cost of building in each of 21 countries is included.
690 _aBUILT ENVIRONMENT-BUILDING COSTS
942 _n0
948 _c04/03/1997
999 _c22936
_d22936